Накопление деформации и акустическая эмиссия в условиях термомеханического нагружения алюминиево-магниевого сплава; Известия Алтайского государственного университета; № 2-1

Détails bibliographiques
Parent link:Известия Алтайского государственного университета: научный журнал/ Алтайский государственный университет (АлтГУ).— , 1996-
№ 2-1.— 2015.— [С. 40-44]
Autres auteurs: Макаров С. В. Сергей Викторович, Плотников В. А. Владимир Александрович, Лысиков М. В., Колубаев Е. А. Евгений Александрович
Résumé:Заглавие с экрана
Режим доступа: по договору с организацией-держателем ресурса
Langue:russe
Publié: 2015
Sujets:
Accès en ligne:http://elibrary.ru/item.asp?id=24323052
Format: MixedMaterials Électronique Chapitre de livre
KOHA link:https://koha.lib.tpu.ru/cgi-bin/koha/opac-detail.pl?biblionumber=644434

MARC

LEADER 00000nla0a2200000 4500
001 644434
005 20250312131028.0
035 |a (RuTPU)RU\TPU\network\9515 
090 |a 644434 
100 |a 20151117d2015 k||y0rusy50 ca 
101 0 |a rus 
102 |a RU 
135 |a drcn ---uucaa 
181 0 |a i  
182 0 |a b 
200 1 |a Накопление деформации и акустическая эмиссия в условиях термомеханического нагружения алюминиево-магниевого сплава  |d Acoustic Emission and Strain Accumulation under Thermomechanical Loading of Aluminum-Magnesium Alloy  |f С. В. Макаров [и др.] 
203 |a Текст  |c электронный 
300 |a Заглавие с экрана 
320 |a [Библиогр.: с. 44 (10 назв.)] 
333 |a Режим доступа: по договору с организацией-держателем ресурса 
461 |t Известия Алтайского государственного университета  |o научный журнал  |f Алтайский государственный университет (АлтГУ)  |d 1996- 
463 |t № 2-1  |v [С. 40-44]  |d 2015 
510 1 |a Acoustic Emission and Strain Accumulation under Thermomechanical Loading of Aluminum-Magnesium Alloy  |z eng 
610 1 |a электронный ресурс 
610 1 |a труды учёных ТПУ 
610 1 |a акустическая эмиссия 
610 1 |a алюминиево-магниевые сплавы 
610 1 |a деформация 
610 1 |a корреляция 
701 1 |a Макаров  |b С. В.  |g Сергей Викторович 
701 1 |a Плотников  |b В. А.  |g Владимир Александрович 
701 1 |a Лысиков  |b М. В. 
701 1 |a Колубаев  |b Е. А.  |c физик  |c инженер Томского политехнического университета, кандидат физико-математических наук   |f 1979-  |g Евгений Александрович  |3 (RuTPU)RU\TPU\pers\31434  |9 15597 
801 2 |a RU  |b 63413507  |c 20151117  |g RCR 
856 4 |u http://elibrary.ru/item.asp?id=24323052 
942 |c CF